000 00656cam a2200145 4500500
005 20251228082903.0
041 _afre
042 _adc
100 1 0 _aNaudeix, Laura
_eauthor
245 0 0 _aBénédicte Louvat-Molozay, Théâtre et musique. Dramaturgie de l’insertion musicale dans le théâtre français (1550-1680), Paris, Honoré Champion, coll. « Lumière classique », 2002. Un vol. 15 × 22 cm de 632 p.
260 _c2005.
500 _a33
786 0 _nDix-septième siècle | 227 | 2 | 2005-06-01 | p. 355d-376d | 0012-4273
856 4 1 _uhttps://shs.cairn.info/revue-dix-septieme-siecle-2005-2-page-355d?lang=fr&redirect-ssocas=7080
999 _c1599994
_d1599994